To všechno jsou psi

Bibliographic Details
Main Author: Akimuškin, Igor' Ivanovič, 1929- (Author)
Other Authors: Nosková, Věra (Translator), Kelejnikov, A. (Illuminator)
Format: Book
Language:Czech
Russian
PhysicalDescription:21, [3] s. 8°
Published: Moskva Malyš 1976

MARC

LEADER 00000cam a2200000 a 4500
001 vtls001262987
003 SK-MaSNL
005 20260301234529.0
008 240315s1976 ru 00000 cze
035 |a SNK000213884 
040 |a SNK  |b slo  |c SNK  |e AACR2 
041 1 |a cze  |h rus 
044 |a ru  |c RU 
100 1 |a Akimuškin, Igor' Ivanovič,  |d 1929-  |4 aut  |9 438850 
245 1 0 |a To všechno jsou psi  |c I. Akimuškin ; Přel. Věra Nosková ; Il. A. Kelejnikov 
260 |a Moskva  |b Malyš  |c 1976 
300 |a 21, [3] s.  |c 8° 
700 1 |a Nosková, Věra  |4 trl  |9 457279 
700 1 |a Kelejnikov, A.  |4 ilu  |9 518583 
958 |a RK 
958 |a RU 
999 |c 970446  |d 972376 
952 |t P60, <04>, [BOOK], {604}  |a SNK  |b SNK  |y VYP  |7 0  |o snkIC 92202  |i snkV 1607/83  |0 0  |1 0  |4 0  |d 1996-10-08  |l 0  |r 2005-01-01 00:00:00  |w 2026-02-24